Engineering Magnetohydrodynamics / (Record no. 12058)

MARC details
000 -LEADER
fixed length control field 00956cam a22002891i 4500
001 - CONTROL NUMBER
control field 7984368
003 - CONTROL NUMBER IDENTIFIER
control field EG-ScBUE
005 - DATE AND TIME OF LATEST TRANSACTION
control field 20260426093012.0
008 - FIXED-LENGTH DATA ELEMENTS--GENERAL INFORMATION
fixed length control field 730115t1965 nyua f 001 0 eng d
035 ## - SYSTEM CONTROL NUMBER
System control number (OCoLC)537669
040 ## - CATALOGING SOURCE
Original cataloging agency DLC
Language of cataloging eng
Description conventions rda
Transcribing agency ODaWU
Modifying agency OCoLC
-- Uk
-- DLC
-- EG-ScBUE
082 04 - DEWEY DECIMAL CLASSIFICATION NUMBER
Classification number 538.6
Edition number 22
Item number SUT
100 1# - MAIN ENTRY--PERSONAL NAME
Personal name Sutton, George W.
Fuller form of name (George Walter),
Dates associated with a name 1927-
Relator term author.
9 (RLIN) 7026
245 10 - TITLE STATEMENT
Title Engineering Magnetohydrodynamics /
Statement of responsibility, etc George W. Sutton, Arthur Sherman.
264 #1 - PUBLICATION, DISTRIBUTION, ETC. (IMPRINT)
Place of publication, distribution, etc New York :
Name of publisher, distributor, etc McGraw-Hill,
Date of publication, distribution, etc [1965]
264 #4 - PUBLICATION, DISTRIBUTION, ETC. (IMPRINT)
Date of publication, distribution, etc c1965
300 ## - PHYSICAL DESCRIPTION
Extent xix, 548 pages :
Other physical details illustrations ;
Dimensions 23 cm
336 ## - CONTENT TYPE
Source rdacontent
Content type term text
Content type code txt
337 ## - MEDIA TYPE
Media type term unmediated
Source rdamedia
Media type code n
338 ## - CARRIER TYPE
Carrier type term volume
Carrier type code nc
Source rdacarrier
500 ## - GENERAL NOTE
General note Includes index.
650 #7 - SUBJECT ADDED ENTRY--TOPICAL TERM
Topical term or geographic name as entry element Plasma (Ionized gases)
Source of heading or term BUEsh
9 (RLIN) 7028
650 #7 - SUBJECT ADDED ENTRY--TOPICAL TERM
Topical term or geographic name as entry element Magnetohydrodynamics.
Source of heading or term BUEsh
9 (RLIN) 7029
655 ## - INDEX TERM--GENRE/FORM
Form subdivision Reading book
700 1# - ADDED ENTRY--PERSONAL NAME
Personal name Sherman, Arthur,
Dates associated with a name 1931-
Relator term joint author.
9 (RLIN) 7030
942 ## - ADDED ENTRY ELEMENTS (KOHA)
Source of classification or shelving scheme Dewey Decimal Classification
Koha item type Book - Borrowing
Holdings
Withdrawn status Lost status Source of classification or shelving scheme Damaged status Not for loan Collection code Home library Current library Shelving location Date acquired Source of acquisition Cost, normal purchase price Total Checkouts Full call number Barcode Date last seen Koha item type
    Dewey Decimal Classification     Alef-Baa Central Library Central Library First floor 28/06/2009 Purchase 150.00   538.6 SUT 000017056 15/07/2025 Book - Borrowing